00581nam a2200181 a 4500008004100000040002500041041000800066044001100074080004700085100002600132245007200158250001200230260004800242300002200290490004700312700003000359020001000389960124s1965||||[C 0 slo c aSNKbslocSNKeAACR21 aslo axocSK a92 Antoninoni, Michelangelo:778.5(45)(091)1 aLeprohon, Pierre4aut10aMichelangelo AntonionicPierre Leprohon ; Prel. Agneša Kalinová a1. vyd. aBratislavabSVKLc1965eMartinfTlač. SNP a227, [4] s.c8ř0 aKnižnice estetického vzdelaniavzv. 191 aKalinová, Agneša4trl c16,50